Movie Titles by Common Ending Quiz Stats

 Plays Quiz Updated Dec 11, 2018

Also try: 'ing' Movies
Challenge
Share
Tweet
Embed
Score 0/40 Timer 05:00
3 Plays Today
First Words Second Word % Correct
Groundhog, Independence, TrainingDay
99.7%
Iron, Repo, YesMan
99.4%
Date, Fright, LastNight
96.5%
Gorky, Gosford, JurassicPark
93.7%
Brokeback, Cold, Spencer'sMountain
92.9%
Nim's, Shutter, TreasureIsland
92.7%
Animal, Monster, SafeHouse
88.1%
Ghost, Love, ToyStory
87.7%
Blue, October, VanillaSky
87.2%
42nd, Hanover, WallStreet
86.7%
Family, Risky, MonkeyBusiness
86.5%
Bee, Scary, SilentMovie
83.8%
Old, Reservoir, StrawDogs
83%
Jersey, My, WorkingGirl
82.7%
Chicken, Logan's, CannonballRun
82.4%
Child's, Foul, PassionPlay
82.3%
Hamburger, Notting, SugarHill
82.3%
Corpse, June, RunawayBride
82.3%
Midnight, Pineapple, SnowballExpress
80.5%
Atlantic, Broken, SinCity
80.2%
First Words Second Word % Correct
Deconstructing, Dirty, HandsomeHarry
79.7%
Ender's, Fair, SpyGame
78.8%
Liberty, Pacific, WutheringHeights
78.5%
Becoming, Calamity, LadyJane
75.9%
Frozen, Mystic, RedRiver
75.6%
127, After, DesperateHours
74%
Breaking, Cast, FlushedAway
71.8%
Match, Vantage, ZabriskiePoint
69.9%
Drugstore, Midnight, UrbanCowboy
68.5%
Open, Rear, SecretWindow
67.9%
Easy, Ghost, PaleRider
67.8%
Matchstick, Mystery, TinMen
67.5%
Cat, Funny, OrdinaryPeople
65.7%
17, Dead, YouAgain
63.6%
American, Betsy's, Muriel'sWedding
58.2%
Arthur, Surviving, WhiteChristmas
35.3%
Alien, Daydream, ProzacNation
34.2%
Body, Caged, WhiteHeat
33.4%
Beautiful, Fierce, HeavenlyCreatures
30.4%
Modern, Murphy's, TrueRomance
27.7%

You're not logged in!

Compare scores with friends on all Sporcle quizzes.
OR
Log In

You Might Also Like...

Show Comments

Extras

Top Quizzes Today


Score Distribution

Your Account Isn't Verified!

In order to create a playlist on Sporcle, you need to verify the email address you used during registration. Go to your Sporcle Settings to finish the process.

Report this User

Report this user for behavior that violates our Community Guidelines.

Details: